000 01264cam a22003497a 4500
003 CHAP
005 20220329142458.0
008 010601d2001 mx r 00110 spa d
010 _a84035
011 _a85007
035 _a95534
040 _cCHAP
090 _aTesis
100 0 0 _aBravo Molina, Gerson Sajid.
_915145
245 1 0 _aEvaluación de la crísis tequilera, causas y posibles soluciones
_c/por Gerson Sajid Bravo Molina
260 _aChapingo, Méx. :
_bEl autor,
_c2001.
300 _a116 h. :
_bgráfs.
502 _aTesis (Lic. en Comercio Internacional de Productos Agropecuarios) -- UACH. División de Ciencias Económico Administrativas
590 _aALEPH
_b10
_c20130110
_lUCH01
_h1442
590 _aBATCH-UPD
_b10
_c20130110
_lUCH01
_h0447
590 _aBATCH-UPD
_b10
_c20130410
_lUCH01
_h0124
590 _aBATCH-UPD
_b10
_c20130913
_lUCH01
_h1959
590 _aCONVERSION
_b10
_c20130109
_lUCH01
_h1347
650 1 4 _aAgave tequilana.
_91107
650 1 4 _aIndustrias agrícolas
_xJalisco.
_957954
650 1 4 _aTequila
_xMercadeo.
_9112342
901 _aBK
905 _aMayto Villalobos S.
942 _cFOLL
949 _aTesis
_bBC
_cTES
_d33724000823092
_eTS2
_fc.2
_h38103
_i95534
_si
949 _aTesis
_bBC
_cTES
_d955341
_eTS1
_h38102
_i95534
_sb
999 _c84035
_d84035